000 00370nam a2200169Ia 4500
001 12319
003 IN-NITTTR
005 20251114233115.0
008 251113s9999||||xx |||||||||||||| ||eng||
040 _beng
040 _cIN-NITTTR
041 _aeng
082 _a823 J233S
100 _aJames, Henry
245 0 _aShort stories. /
_cJames, Henry
942 _2ddc
_cBK
999 _c14955
_d14955